Provincias españolas/ Spanish provinces - Estadísticas

Estadísticas generales
  • Esta prueba ha sido intentada 108 veces
  • La puntuación promedio es 38 de 52
Estadísticas de respuestas
CCAA Provincia % Correcto
Cataluña Barcelona
95%
Comunidad deMadrid Madrid
91%
ComunidadValenciana Alicante
88%
Andalucía Sevilla
88%
ComunidadValenciana Valencia
88%
Principado de Asturias Asturias
86%
Cantabria Cantabria
86%
Región deMurcia Murcia
86%
Comunidad foral de Navarra Navarra
86%
Aragón Zaragoza
86%
Galicia A coruña
83%
Andalucía Málaga
83%
Cataluña Gerona
81%
Andalucía Granada
81%
Castilla y León León
81%
Andalucía Cádiz
80%
Ciudad deCeuta Ceuta
80%
Ciudad deMelilla Melilla
80%
Extremadura Cáceres
78%
La Rioja La Rioja
78%
Galicia Lugo
78%
Extremadura Badajoz
77%
Andalucía Jaén
77%
Galicia Pontevedra
77%
Andalucía Huelva
75%
Aragón Huesca
75%
Castilla y León Valladolid
75%
Andalucía Almería
73%
ComunidadValenciana Castellón
73%
Andalucía Córdoba
73%
Cataluña Lérida
73%
Cataluña Tarragona
73%
Aragón Teruel
70%
Castilla-LaMancha Toledo
67%
Castilla y León Salamanca
66%
País vasco Álava
64%
Castilla-La Mancha Albacete
64%
Castilla y León Palencia
64%
Galicia Ourense
63%
Castilla y León Burgos
61%
Castilla y León Soria
61%
País vasco Vizcaya
61%
Islas Baleares Baleares
59%
Castilla-La Mancha Guadalajara
59%
Castilla y León Segovia
59%
Castilla y León Zamora
59%
Castilla-La Mancha Ciudad Real
58%
Castilla-La Mancha Cuenca
56%
Castilla y León Ávila
55%
País vasco Guipúzcoa
55%
Islas Canarias Santa Cruzde Tenerife
52%
Islas Canarias Las Palmas deGran Canaria
47%
No se encontraron pruebas coincidentes
Distribución de puntuación
Porcentaje de gente con cada puntuación
Porcentaje por número respondido
Historial de tus puntuaciones
No has intentado esta prueba.